Bears / (Record no. 1996)

MARC details
000 -LEADER
fixed length control field 00984cam a22003377a 4500
001 - CONTROL NUMBER
control field 1996
003 - CONTROL NUMBER IDENTIFIER
control field FISKH
005 - DATE AND TIME OF LATEST TRANSACTION
control field 20250723150536.0
008 - FIXED-LENGTH DATA ELEMENTS--GENERAL INFORMATION
fixed length control field 030912s2002 nyua j 000 0 eng d
010 ## - LIBRARY OF CONGRESS CONTROL NUMBER
LC control number 2003277139
020 ## - INTERNATIONAL STANDARD BOOK NUMBER
International Standard Book Number 0439445337
020 ## - INTERNATIONAL STANDARD BOOK NUMBER
International Standard Book Number 9780439888493
035 ## - SYSTEM CONTROL NUMBER
System control number (OCoLC)ocm52840316
040 ## - CATALOGING SOURCE
Original cataloging agency KOC
Transcribing agency KOC
Modifying agency DLC
Language of cataloging eng
042 ## - AUTHENTICATION CODE
Authentication code lccopycat
-- lcac
050 00 - LIBRARY OF CONGRESS CALL NUMBER
Classification number QL737.C27
Item number B4522 2002
082 00 - DEWEY DECIMAL CLASSIFICATION NUMBER
Classification number 599.78
Edition number 22
100 1# - MAIN ENTRY--PERSONAL NAME
Personal name Berger, Melvin.
245 10 - TITLE STATEMENT
Title Bears /
Statement of responsibility, etc. Melvin and Gilda Berger.
260 ## - PUBLICATION, DISTRIBUTION, ETC.
Place of publication, distribution, etc. New York :
Name of publisher, distributor, etc. Scholastic,
Date of publication, distribution, etc. 2002.
300 ## - PHYSICAL DESCRIPTION
Extent 32 pages :
Other physical details color illustrations ;
Dimensions 18 x 22 cm
490 ## - SERIES STATEMENT
Series statement Now i know
505 ## - FORMATTED CONTENTS NOTE
Formatted contents note E<br/>
520 ## - SUMMARY, ETC.
Summary, etc. Brief text and pictures portray the characteristics and habits of bears.
521 8# - TARGET AUDIENCE NOTE
Target audience note 260<br/>
Source Lexile<br/>
521 8# - TARGET AUDIENCE NOTE
Target audience note E<br/>
Source Raz-Plus<br/>
650 #0 - SUBJECT ADDED ENTRY--TOPICAL TERM
Topical term or geographic name entry element Bears
Form subdivision Juvenile literature.
700 1# - ADDED ENTRY--PERSONAL NAME
Personal name Berger, Gilda.
Dates associated with a name Author
906 ## - LOCAL DATA ELEMENT F, LDF (RLIN)
a 7
b cbc
c copycat
d 2
e ncip
f 20
g y-gencatlg
942 ## - ADDED ENTRY ELEMENTS (KOHA)
Source of classification or shelving scheme Dewey Decimal Classification
Koha item type Books
Suppress in OPAC No
Holdings
Withdrawn status Lost status Source of classification or shelving scheme Damaged status Not for loan Collection Home library Current library Shelving location Date acquired Total Checkouts Full call number Barcode Date last seen Date last checked out Copy number Price effective from Koha item type Date due
    Dewey Decimal Classification     Non-Fiction Footprints International School Library Network Toul Kork Campus Footprints International School Library Network Toul Kork Campus TK Primary Library Room(4th Floor), Bookcase 7, Shelves 57-60, Dark Green Books 10/24/2023 3 BER 599.78 QL737.C27 FISBK04362 12/20/2024 09/13/2024 1 10/24/2023 Books  
    Dewey Decimal Classification     Non-Fiction Footprints International School Library Network Toul Kork Campus Footprints International School Library Network Toul Kork Campus TK Primary Library Room(4th Floor), Bookcase 7, Shelves 57-60, Dark Green Books 07/10/2024 3 BER 599.78 QL737.C27 FISBK04337 04/23/2026 04/23/2026 2 07/10/2024 Books 05/07/2026
    Dewey Decimal Classification     Non-Fiction Footprints International School Library Network Toul Kork Campus Footprints International School Library Network Toul Kork Campus TK Primary Library Room(4th Floor), Bookcase 7, Shelves 57-60, Dark Green Books 07/12/2024   BER 599.78 QL737.C27 FISTK02359 07/12/2024   3 07/12/2024 Books  
    Dewey Decimal Classification     Non-Fiction Footprints International School Library Network Toul Tom Poung Campus Footprints International School Library Network Toul Tom Poung Campus TTP Primary Green Bookshelves 07/23/2025   BER 599.78 QL737.C27 FIS01674 10/10/2025   4 07/23/2025 Books